00977 a2200205 45000010006000000050017000060080041000230030015000640400040000790800018001192450079001370200018002162640046002343000025002805050316003050410008006211000018006297000025006478560099006725299520260407155804.0260407a2001 arg spa dAR-UNSa-BCEJYS aAR-UNSa-BCEJYSbspacAR-UNSa-BCEJYS a530xFísica10aFísica re-creativapExperimentos de física usando nuevas tecnologías a987-9460-18-9 1aBuenos Aires :bPearson Educaciónc2001 axxii, 355 p.c27 cm. aMódulo I: Modelos basicos de metrologia y teoria de errores; Módulo II: Experimentos de mecánica; Módulo III: Experimentos de electricidad y magnetismo; Módulos IV: Experimentos de ondas y ópticas; Módulos V: Experimentos de termometría y termodinámica; VI: Experimentos de física moderna  aspa1 aGil, Salvador1 aRodríguez, Eduardo41uhttps://www.biblioeco.unsa.edu.ar/pmb/images/libros/L128392.jpgyImagen de portadaqimage/jpeg